000 00810nam a2200265Ia 4500
003 OSt
005 20220912151036.0
006 a|||||r|||| 00| 0
007 ta
008 220909b |||||||| |||| 00| 0 eng d
024 _a62607
037 _cTextual
040 _aCSL
_beng
_cCSL
041 _aeng
082 _aLZ3:2p1,N82, M2
100 _aColpaert Francis C Ed.
111 _aInternational symposium on drug discrimination 2nd (1982 : Belgium)
245 0 _aProceeding on drug discrimination : applications in CNS pharmacology
260 _aAmsterdam
_bElsewier
_c1982
300 _ax, 448p.
_ccm.
650 _aMedicine
700 _a Slangen Jef L Ed.
942 _hLZ3:2p1,N82, M2
_cTEXL
_2CC
999 _c60129
_d60129